Normal view
MARC view
- الادب-نقده
Entry Topical Term
001 - CONTROL NUMBER
- control field: 63475
003 - CONTROL NUMBER IDENTIFIER
- control field: JO-AjAnu
005 - DATE AND TIME OF LATEST TRANSACTION
- control field: 20230606084347.0
008 - FIXED-LENGTH DATA ELEMENTS
- fixed length control field: 230606|| aca||aabn | a|a d
040 ## - CATALOGING SOURCE
- Original cataloging agency: JO-AjAnu
- Transcribing agency: JO-AjAnu
150 ## - HEADING--TOPICAL TERM
- Topical term or geographic name entry element: الادب-نقده
670 ## - SOURCE DATA FOUND
- Source citation: Work cat.: (JO-AjAnu)32363: مقدادي، زياد محمود, author 63474, اوراق بين الادب ونقده